Robots, Androids and Animatrons : 12 Incredible Projects You Can Build

This title is unique in its coverage of a wide variety of robot types: walker robots, solar-ball robots, acrobots, underwater bots, and robotic hands. No prior technical skills are required. Following an introduction to robotics and AI, the text discusses the various components of robot construction...

وصف كامل

محفوظ في:
التفاصيل البيبلوغرافية
المؤلف الرئيسي: Iovine, John
التنسيق: كتاب
اللغة:Undetermined
منشور في: New York McGraw-Hill c2002
الموضوعات:
الوسوم: إضافة وسم
لا توجد وسوم, كن أول من يضع وسما على هذه التسجيلة!
Thư viện lưu trữ: Trung tâm Học liệu Trường Đại học Cần Thơ
LEADER 01047nam a2200229Ia 4500
001 CTU_136253
008 210402s9999 xx 000 0 und d
020 |c 19.95 
082 |a 629.892 
082 |b I.64 
100 |a Iovine, John 
245 0 |a Robots, Androids and Animatrons : 
245 0 |b 12 Incredible Projects You Can Build 
245 0 |c John Iovine 
260 |a New York 
260 |b McGraw-Hill 
260 |c c2002 
520 |a This title is unique in its coverage of a wide variety of robot types: walker robots, solar-ball robots, acrobots, underwater bots, and robotic hands. No prior technical skills are required. Following an introduction to robotics and AI, the text discusses the various components of robot construction: power systems, drive systems, sensors, intelligence, speed controllers, and even neural networks 
650 |a Robotics,Trung tâm Học liệu ĐHCT 
650 |x Amateurs’ manuals,Kỹ thuật robot 
904 |i Hạ Nguyên 
980 |a Trung tâm Học liệu Trường Đại học Cần Thơ